MARC details
| 000 -LEADER |
| fixed length control field |
01528cam a2200385 i 4500 |
| 005 - DATE AND TIME OF LATEST TRANSACTION |
| control field |
20260322212046.0 |
| 008 - FIXED-LENGTH DATA ELEMENTS--GENERAL INFORMATION |
| fixed length control field |
data |
| 010 ## - LIBRARY OF CONGRESS CONTROL NUMBER |
| LC control number |
2016022022 |
| 020 ## - INTERNATIONAL STANDARD BOOK NUMBER |
| International Standard Book Number |
9781849057332 |
| Qualifying information |
paperback |
| 020 ## - INTERNATIONAL STANDARD BOOK NUMBER |
| International Standard Book Number |
1849057338 |
| Qualifying information |
paperback |
| 020 ## - INTERNATIONAL STANDARD BOOK NUMBER |
| International Standard Book Number |
9781784501037 |
| Qualifying information |
eISBN |
| 040 ## - CATALOGING SOURCE |
| Original cataloging agency |
DLC |
| Language of cataloging |
eng |
| Description conventions |
rda |
| Transcribing agency |
DLC |
| Modifying agency |
OCLCO |
| -- |
BDX |
| -- |
ORX |
| -- |
YDX |
| -- |
OCLCO |
| -- |
NLGGC |
| -- |
OCLCO |
| -- |
OCLCF |
| -- |
OCLCO |
| 041 09 - LANGUAGE CODE |
| Language code of text/sound track or separate title |
eng |
| 042 ## - AUTHENTICATION CODE |
| Authentication code |
nlmcopyc |
| -- |
nlmcopyc |
| 044 ## - COUNTRY OF PUBLISHING/PRODUCING ENTITY CODE |
| -- |
England |
| 050 00 - LIBRARY OF CONGRESS CALL NUMBER |
| Classification number |
RC489.A7 |
| Item number |
C53 2017 |
| 060 10 - NATIONAL LIBRARY OF MEDICINE CALL NUMBER |
| Classification number |
WM 450.5.A8 |
| 082 00 - DEWEY DECIMAL CLASSIFICATION NUMBER |
| Classification number |
616.89/1656 |
| Edition information |
23 |
| 096 ## - LOCALLY ASSIGNED NLM-TYPE CALL NUMBER (OCLC) |
| Classification number |
WM 450.5 A8 C53 2017 |
| 001 - CONTROL NUMBER |
| control field |
data |
| 100 1# - MAIN ENTRY--PERSONAL NAME |
| Personal name |
Clark, Susan M. |
| Titles and words associated with a name |
(Art therapist), |
| Relator term |
author. |
| 245 10 - TITLE STATEMENT |
| Title |
DBT-informed art therapy : |
| Remainder of title |
mindfulness, cognitive behavior therapy, and the creative process / |
| Statement of responsibility, etc. |
Susan M. Clark. |
| 260 ## - PUBLICATION, DISTRIBUTION, ETC. |
| Place of publication, distribution, etc. |
Philadelphia, PA ; |
| Name of publisher, distributor, etc. |
Jessica Kingsley Publishers, |
| Date of publication, distribution, etc. |
2017. |
| 264 #1 - PRODUCTION, PUBLICATION, DISTRIBUTION, MANUFACTURE, AND COPYRIGHT NOTICE |
| Place of production, publication, distribution, manufacture |
Philadelphia : |
| -- |
Philadelphia : |
| Name of producer, publisher, distributor, manufacturer |
Jessica Kingsley Publishers, |
| Date of production, publication, distribution, manufacture, or copyright notice |
2017. |
| 300 ## - PHYSICAL DESCRIPTION |
| Extent |
327 pages, [16] pages of plates : |
| Other physical details |
illustrations ; |
| Dimensions |
24 cm |
| 336 ## - CONTENT TYPE |
| Content type term |
text |
| Content type code |
txt |
| Source |
rdacontent |
| 337 ## - MEDIA TYPE |
| Media type term |
unmediated |
| Media type code |
n |
| Source |
rdamedia |
| 338 ## - CARRIER TYPE |
| Carrier type term |
volume |
| Carrier type code |
nc |
| Source |
rdacarrier |
| 504 ## - BIBLIOGRAPHY, ETC. NOTE |
| Bibliography, etc. note |
Includes bibliographical references and index. |
| 650 12 - SUBJECT ADDED ENTRY--TOPICAL TERM |
| Topical term or geographic name entry element |
Art Therapy |
| Authority record control number or standard number |
https://id.nlm.nih.gov/mesh/D001155 |
| 650 22 - SUBJECT ADDED ENTRY--TOPICAL TERM |
| Topical term or geographic name entry element |
Cognitive Therapy |
| Authority record control number or standard number |
https://id.nlm.nih.gov/mesh/D015928 |
| 650 22 - SUBJECT ADDED ENTRY--TOPICAL TERM |
| Topical term or geographic name entry element |
Mindfulness |
| Authority record control number or standard number |
https://id.nlm.nih.gov/mesh/D064866 |
| 650 22 - SUBJECT ADDED ENTRY--TOPICAL TERM |
| Topical term or geographic name entry element |
Creativity |
| Authority record control number or standard number |
https://id.nlm.nih.gov/mesh/D003405 |
| 650 22 - SUBJECT ADDED ENTRY--TOPICAL TERM |
| Topical term or geographic name entry element |
Borderline Personality Disorder |
| General subdivision |
therapy |
| Authority record control number or standard number |
https://id.nlm.nih.gov/mesh/D001883Q000628 |